[Event "Pohar mesta Ricany 2010 - cena Klidneho mesta"]
[Site "http://www.openricany.cz"]
[Date "2010.08.25"]
[Round "6.20"]
[White "Skacel, Jan"]
[Black "Sargsyan, Karen"]
[Result "1-0"]
[WhiteElo "2073"]
[BlackElo "1841"]

1. d4 Nf6 2. c4 e6 3. Nc3 d5 4. cxd5 exd5 5. Bg5 Be7 6. e3 O-O 7. Qc2 Nc6 8. a3
a6 9. Bd3 h6 10. Bxf6 Bxf6 11. Nge2 Re8 12. O-O Qd6 13. Rac1 Bd7 14. Rfd1 Bg5
15. Kh1 Kh8 16. Bf5 Bxf5 17. Qxf5 Ne7 18. Qh3 Ng8 19. Qg3 Qd8 20. Qf3 c6 21. b4
Qd6 22. Ra1 Nf6 23. Ng3 Qd7 24. Na4 Qg4 25. Ne2 Bh4 26. Kg1 Qxf3 27. gxf3 g5
28. Ng3 g4 29. Nf5 gxf3 30. Nxh4 Rg8+ 31. Kf1 Rg4 32. Nxf3 Rag8 33. Nc3 Rg2
34. Ke2 Ne4 35. Nxe4 dxe4 36. Nd2 f5 37. Rh1 h5 38. h3 h4 39. Rac1 R8g3 40. Kf1
Rg6 41. Rc5 R2g5 42. Re5 Rg7 43. Re6 Kh7 44. Nc4 1-0

[Event "Pohar mesta Ricany 2010 - cena Klidneho mesta"]
[Site "http://www.openricany.cz"]
[Date "2010.08.25"]
[Round "6.14"]
[White "Framberk, Jan"]
[Black "Ruzicka, Vaclav jun."]
[Result "0-1"]
[WhiteElo "2004"]
[BlackElo "2057"]

1. e4 c5 2. Nf3 d6 3. c3 Nf6 4. Bc4 Nc6 5. Qe2 Bg4 6. d3 Qd7 7. Bb3 e6 8. h3
Bxf3 9. Qxf3 d5 10. Bg5 dxe4 11. dxe4 Ne5 12. Qe2 Nd3+ 13. Kf1 h6 14. Bxf6 gxf6
15. Na3 Ne5 16. Rd1 Qc6 17. Qb5 Rd8 18. Ke2 a6 19. Qxc6+ Nxc6 20. Nc4 b5 21. Ne3
Bd6 22. a4 Ke7 23. g3 c4 24. axb5 axb5 25. Bc2 Ra8 26. Ra1 Ne5 27. b4 cxb3
28. Bxb3 Rhc8 29. f4 Nd7 30. c4 Nc5 31. Bc2 bxc4 32. Nxc4 Rxa1 33. Rxa1 Nxe4
34. Ra7+ Kf8 35. Bxe4 Rxc4 36. Bd3 Rb4 37. Ra6 Bxf4 38. gxf4 Rxf4 39. Ke3 Rh4
40. Bf1 Kg7 41. Kf3 f5 42. Kg3 Rb4 43. Ra8 e5 44. Be2 Rb3+ 45. Kg2 Rb2 46. Kf1
e4 47. Bh5 Rb7 48. Kf2 f4 49. Ra2 Kf6 50. h4 Rc7 51. Ra6+ Ke5 52. Rxh6 Rc2+
53. Kf1 e3 54. Be2 f3 55. Bxf3 Rf2+ 56. Ke1 Rxf3 57. Rh8 f5 58. h5 Rh3 59. h6 f4
60. Ke2 Rh2+ 61. Kd3 {Partie je dále neèitelná} 0-1

[Event "Pohar mesta Ricany 2010 - cena Klidneho mesta"]
[Site "http://www.openricany.cz"]
[Date "2010.08.25"]
[Round "6.21"]
[White "Sochorova, Jana"]
[Black "Pospisil, Evzen"]
[Result "0-1"]
[WhiteElo "1919"]
[BlackElo "2161"]

1. Nf3 Nf6 2. d4 e6 3. c4 c5 4. e3 b6 5. Nc3 Bb7 6. Be2 Be7 7. O-O O-O 8. b3 d6
9. Bb2 Nbd7 10. Rc1 Rc8 11. Qc2 a6 12. Rfd1 Qc7 13. e4 cxd4 14. Nxd4 Rfd8 15. f3
Bf8 16. Bf1 Nc5 17. Qe2 Qb8 18. Qe3 Ncd7 19. Kh1 g6 20. Nc2 Qc7 21. Na4 Ne8
22. Ne1 Nc5 23. Nc3 Bc6 24. Nd3 Bg7 25. Nb4 Bb7 26. Nd3 Rb8 27. Ba1 h5 28. Rc2
Kh7 29. Bb2 Bc6 30. Nb4 Bd7 31. Nd3 b5 32. Nxc5 dxc5 33. Bc1 b4 34. Ne2 Nd6
35. Qf2 Nb7 36. Be3 Be8 37. Rcd2 Rxd2 38. Rxd2 a5 39. Bf4 e5 40. Be3 a4 41. g3
Ra8 42. Nc1 Rc8 43. Bh3 Rd8 44. Rxd8 Qxd8 45. Qd2 Qxd2 46. Bxd2 Na5 47. Be3 Bf8
48. Kg1 Bh6 49. Kf2 Bxe3+ 50. Kxe3 Kg7 51. Kd3 Kf6 52. Kc2 Ke7 53. Nd3 Kd6
54. Bc8 Nc6 55. f4 Nd4+ 56. Kb2 f6 57. Bh3 a3+ 58. Kb1 Bc6 59. fxe5+ fxe5
60. Nf2 Ne2 61. Bg2 Nc3+ 62. Kc2 Bd7 63. Nd1 Nxa2 64. Bf3 Bg4 65. Bxg4 hxg4
66. Kd2 Kc6 67. Kc2 Kb6 68. Ne3 Nc3 69. Nxg4 Nxe4 70. Nxe5 g5 71. h4 gxh4
72. gxh4 Nf6 73. Nd3 Nh5 74. Kb1 Kc6 75. Kc2 Kd6 76. Kb1 Nf6 77. Kc2 Ne4 78. h5
Ke6 79. Nf4+ Kf7 80. h6 Kg8 0-1

[Event "Pohar mesta Ricany 2010 - cena Klidneho mesta"]
[Site "http://www.openricany.cz"]
[Date "2010.08.25"]
[Round "6.40"]
[White "Feierfeil, Jiri"]
[Black "Luzikova, Nicola"]
[Result "0-1"]
[WhiteElo "1932"]
[BlackElo "1740"]

1. d4 d5 2. Bf4 Nf6 3. Nf3 c6 4. e3 e6 5. Nbd2 Be7 6. Bd3 O-O 7. Ne5 Nbd7
8. Qf3 Re8 9. Qh3 Nf8 10. g4 N6d7 11. Ndf3 f6 12. Nxd7 Bxd7 13. Qg2 c5 14. c3
cxd4 15. cxd4 Qa5+ 16. Ke2 Bb5 17. Rhd1 Rac8 18. Ne1 Bb4 19. a3 Bxe1 20. b4
Bxd3+ 21. Rxd3 Qa6 22. Qf1 Bc3 23. b5 Qxb5 24. Rb1 Qa6 25. Rb3 e5 26. dxe5 fxe5
0-1

[Event "Pohar mesta Ricany 2010 - cena Klidneho mesta"]
[Site "http://www.openricany.cz"]
[Date "2010.08.25"]
[Round "6.22"]
[White "Wasserbauer, Radek"]
[Black "Ries, Vilem"]
[Result "1-0"]
[WhiteElo "2066"]
[BlackElo "1940"]

1. e4 e5 2. Nc3 Nf6 3. f4 d5 4. fxe5 Nxe4 5. Nf3 Be7 6. Qe2 Bf5 7. g3 c6 8. Bg2
Nd7 9. Nd4 Bg6 10. Nxe4 dxe4 11. e6 Ne5 12. exf7+ Nxf7 13. Ne6 Qd6 14. Nxg7+ Kd7
15. Bh3+ Kc7 16. Ne6+ Kb8 17. O-O b6 18. Nf4 Ng5 19. Bg2 Qc5+ 20. Kh1 Qxc2
21. h4 Bf7 22. hxg5 1-0

[Event "Pohar mesta Ricany 2010 - cena Klidneho mesta"]
[Site "http://www.openricany.cz"]
[Date "2010.08.25"]
[Round "6.27"]
[White "Starek, Stanislav"]
[Black "Umanec, Filip"]
[Result "0-1"]
[WhiteElo "1872"]
[BlackElo "2225"]

1. d4 d5 2. Nf3 c6 3. c4 e6 4. e3 f5 5. Be2 Nf6 6. b3 Bb4+ 7. Bd2 Bd6 8. O-O
O-O 9. Bc1 b6 10. Ba3 c5 11. Nc3 Bb7 12. Rc1 Nbd7 13. Ng5 Ng4 14. Nf3 dxc4
15. h3 Qe7 16. dxc5 Nxc5 17. hxg4 fxg4 18. Ne1 Rad8 19. g3 Ne4 20. Bxd6 Rxd6
21. Qc2 Rd2 22. Nxe4 Rxc2 23. Rxc2 cxb3 24. axb3 Bxe4 25. Rc4 Bd5 26. Rxg4 Bxb3
27. Nf3 a5 28. Rb1 a4 29. Nd4 Qa3 30. Nxb3 Qa2 31. Re1 axb3 0-1

[Event "Pohar mesta Ricany 2010 - cena Klidneho mesta"]
[Site "http://www.openricany.cz"]
[Date "2010.08.25"]
[Round "6.23"]
[White "Suchomel, Ales"]
[Black "Vevera, Radek"]
[Result "1-0"]
[WhiteElo "1926"]
[BlackElo "2044"]

1. Nf3 Nf6 2. d4 g6 3. Nc3 d5 4. Bf4 Bg7 5. Qd2 O-O 6. Bh6 Nbd7 7. Bxg7 Kxg7
8. O-O-O b5 9. Nxb5 Ne4 10. Qe1 c6 11. Nc3 Ndf6 12. Nxe4 Nxe4 13. Nd2 Nd6 14. e3
Qa5 15. Kb1 Qb6 16. Nb3 a5 17. Nc5 Rb8 18. Qc3 Qa7 19. f3 Nb7 20. Nxb7 Qxb7
21. a4 Bd7 22. b3 Qc7 23. Qc5 Rb4 24. Ka2 Bf5 25. Bd3 Bxd3 26. Rxd3 Rfb8
27. Rdd1 Qb7 28. Rb1 Qa6 29. Rhe1 R4b7 30. Ka3 e6 31. Rbd1 Rb4 32. Rb1 R4b7
33. Kb2 Rb4 34. Kc1 R4b7 35. Kd2 Rb4 36. Red1 Kg8 37. Ke1 e5 38. Kf2 exd4
39. exd4 R4b7 40. Re1 Qa7 41. Qxa7 Rxa7 42. Re3 Rb4 43. Rd1 Kf8 44. Rc3 Rc7
45. Rc5 Ke7 46. Rxa5 Kd6 47. Rd2 c5 48. dxc5+ Rxc5 49. Rxc5 Kxc5 50. Ke3 d4+
51. Kd3 Rb7 52. Re2 f6 53. Re4 Rb4 54. Re7 1-0

[Event "Pohar mesta Ricany 2010 - cena Klidneho mesta"]
[Site "http://www.openricany.cz"]
[Date "2010.08.25"]
[Round "6.19"]
[White "Lacha, Jan"]
[Black "Postupa, Martin"]
[Result "0-1"]
[WhiteElo "1968"]
[BlackElo "2018"]

1. e4 e5 2. Nf3 Nc6 3. d4 exd4 4. Bc4 Nf6 5. e5 Ne4 6. O-O Be7 7. Bd5 Nc5
8. Bxc6 dxc6 9. Nxd4 O-O 10. Nc3 f6 11. f4 Bg4 12. Nf3 Qe8 13. h3 Bxf3 14. Rxf3
fxe5 15. fxe5 Qg6 16. Bf4 Rad8 17. Qe2 Ne6 18. Raf1 Nd4 19. Qc4+ Qf7 20. Qxf7+
Rxf7 21. R3f2 Rdf8 22. Bg3 Nxc2 23. e6 Rxf2 24. Bxf2 Bg5 25. Ne4 Be3 26. Nc5
Rxf2 27. Rxf2 Bxc5 0-1

[Event "Pohar mesta Ricany 2010 - cena Klidneho mesta"]
[Site "http://www.openricany.cz"]
[Date "2010.08.25"]
[Round "6.16"]
[White "Schmalz, Michal"]
[Black "Boucek, Vlastimil"]
[Result "1-0"]
[WhiteElo "1985"]
[BlackElo "2038"]

1. e4 Nf6 2. e5 Ng8 3. Nf3 d5 4. b3 Bg4 5. h3 Bd7 6. Ba3 e6 7. Bxf8 Kxf8 8. d4
Qe7 9. Be2 c5 10. dxc5 Qxc5 11. c4 Ne7 12. O-O Nbc6 13. Nc3 Rd8 14. cxd5 Nxd5
15. Ne4 Qe7 16. Qc1 f5 17. exf6 gxf6 18. Bc4 Nb6 19. Qh6+ Kf7 20. Be2 Rdf8
21. Rad1 Kg8 22. Rfe1 Be8 23. a4 Bg6 24. Ng3 Qg7 25. Qe3 Qf7 26. Nh4 Nd5 27. Qc1
Rc8 28. Bg4 f5 29. Rxd5 Ne7 30. Rc5 Rxc5 31. Qxc5 fxg4 32. hxg4 Nc6 33. Nf3 Kg7
34. Ng5 Qd7 35. Nxe6+ Kf7 36. Qc4 Qd2 37. Nd4+ Kg7 38. Nf3 Rf8 39. Nxd2 1-0

[Event "Pohar mesta Ricany 2010 - cena Klidneho mesta"]
[Site "http://www.openricany.cz"]
[Date "2010.08.25"]
[Round "6.6"]
[White "Moravec, Vit"]
[Black "Vybiral, Zdenek"]
[Result "0-1"]
[WhiteElo "2065"]
[BlackElo "2232"]

1. e4 c5 2. Nf3 Nc6 3. d4 cxd4 4. Nxd4 Qb6 5. Nb3 Nf6 6. Nc3 e6 7. Be3 Qc7
8. Bd3 a6 9. a4 Be7 10. O-O b6 11. f4 d6 12. Qf3 Rb8 13. Rae1 O-O 14. Qg3 g6
15. Nd4 Nb4 16. f5 e5 17. fxg6 fxg6 18. Nf5 Bd8 19. Nh6+ Kh8 20. Nd5 Nbxd5
21. exd5 Qg7 22. Qh4 Bd7 23. Bg5 Be7 24. Bxa6 Nxd5 25. Bc4 Bxg5 26. Qxg5 Nf4
27. Bb5 Be6 28. Ng4 Rbc8 29. Ne3 d5 30. Rf2 d4 31. Nf1 Rf5 32. Qg3 Rcf8 33. Rd2
Bd5 34. Qa3 e4 35. Ng3 e3 36. Rdd1 Bxg2 37. Nxf5 gxf5 0-1

[Event "Pohar mesta Ricany 2010 - cena Klidneho mesta"]
[Site "http://www.openricany.cz"]
[Date "2010.08.25"]
[Round "6.33"]
[White "Hampel, Rudolf"]
[Black "Vorackova, Jarmila"]
[Result "1/2-1/2"]
[WhiteElo "1800"]
[BlackElo "1932"]

1. e4 c6 2. d4 d5 3. exd5 cxd5 4. c3 Nc6 5. Nf3 Bg4 6. Bf4 Nf6 7. Nbd2 e6
8. Qb3 Qc8 9. Bb5 Be7 10. O-O O-O 11. Rac1 a6 12. Bd3 b5 13. a4 Na5 14. Qc2 Qb7
15. Ra1 Rfc8 16. axb5 axb5 17. Rfc1 b4 18. Qd1 bxc3 19. bxc3 Nc4 20. Nxc4 dxc4
21. Be2 Nd5 22. Bd2 Rxa1 23. Rxa1 Bf5 24. Ne5 Qb3 25. Qf1 Nxc3 26. Bxc4 Qb2
27. Bxc3 Qxc3 28. Ba6 Ra8 29. Rc1 Qxd4 30. Bb7 Rf8 31. Nc6 Qd6 32. Nxe7+ Qxe7
33. Bf3 h6 34. h3 Rd8 35. Rd1 Rxd1 36. Qxd1 Qa3 37. Kh2 Qb2 38. Kg1 Qc3 39. Be2
Kh7 40. Bf1 e5 41. Qd5 f6 42. Bc4 Qc1+ 43. Kh2 Qf4+ 44. Kg1 Qc1+ 45. Kh2 Qf4+
1/2-1/2

[Event "Pohar mesta Ricany 2010 - cena Klidneho mesta"]
[Site "http://www.openricany.cz"]
[Date "2010.08.25"]
[Round "6.45"]
[White "Kubesa, David"]
[Black "Martinec, Jan"]
[Result "1/2-1/2"]
[WhiteElo "1534"]
[BlackElo "1832"]

1. d4 Nf6 2. Nf3 d6 3. c4 g6 4. Nc3 Bg7 5. h3 O-O 6. e4 c5 7. Be3 cxd4 8. Nxd4
Nbd7 9. Be2 Nc5 10. Qc2 Ne8 11. O-O Ne6 12. Rad1 Nxd4 13. Bxd4 Bxd4 14. Rxd4 Qb6
15. Rfd1 Be6 16. Qd2 Kg7 17. e5 h5 18. Bxh5 dxe5 19. Rh4 Rh8 20. Qg5 Nf6 21. Be2
Rxh4 22. Qxh4 Qxb2 23. Qg3 Qb6 24. Qxe5 Rc8 25. Rb1 Qc7 26. Qxc7 Rxc7 27. Rb4 a6
28. Nd1 Ne4 29. Ne3 Nc3 30. Bf3 b5 31. cxb5 axb5 32. a3 Ra7 33. Nd1 Nxd1
34. Bxd1 Rxa3 35. Be2 Ra1+ 36. Kh2 Ra2 37. Bxb5 Rxf2 38. Bc6 Rc2 39. Bf3 Rc7
40. Ra4 f6 41. Rb4 Bf7 42. Rb5 e5 43. Bd5 Re7 44. Bxf7 Kxf7 45. Kg3 f5 46. Kf3
Kf6 47. h4 Re6 48. Rb8 Ra6 49. Rb3 e4+ 50. Kf4 Rd6 51. g4 Re6 52. gxf5 gxf5
53. Rb5 e3 54. Rb1 Re4+ 55. Kf3 Kg6 56. Re1 Rxh4 57. Kxe3 Re4+ 58. Kf2 Rxe1
59. Kxe1 Kg5 60. Kf1 Kg4 61. Kg2 f4 62. Kf2 f3 63. Kf1 Kg3 64. Kg1 Kg4 65. Kf2
Kf4 66. Kf1 Ke4 67. Kf2 1/2-1/2

[Event "Pohar mesta Ricany 2010 - cena Klidneho mesta"]
[Site "http://www.openricany.cz"]
[Date "2010.08.25"]
[Round "6.25"]
[White "Halla, Jiri"]
[Black "Koper, Stefan"]
[Result "0-1"]
[WhiteElo "1912"]
[BlackElo "2020"]

1. e4 e6 2. d4 g6 3. Be3 Bg7 4. Qd2 d5 5. e5 Nc6 6. Nc3 h5 7. Nf3 Nh6 8. h4 Ne7
9. Bd3 Nhf5 10. Bg5 c6 11. Bxf5 exf5 12. O-O Be6 13. Ne2 Qd7 14. Rfe1 b6 15. Nf4
O-O 16. Bf6 Rfc8 17. Rad1 a5 18. Nxh5 gxh5 19. Qg5 Ng6 20. Qxh5 Qc7 21. Qg5 Bxf6
22. exf6 Qf4 23. Qh5 Qg4 24. Qh6 Nf4 25. g3 Qg6 26. Qxf4 Qxf6 27. Qg5+ Qg7
28. Re2 c5 29. c3 b5 30. Rde1 Ra6 31. dxc5 b4 32. Re3 bxc3 33. Rxc3 Rac6
34. Rec1 a4 35. b4 axb3 36. axb3 Rb8 37. Nd4 Qxg5 38. hxg5 Rc7 39. Rb1 Rb4
40. Rd1 Kg7 41. Kg2 Kg6 42. Nc2 Re4 43. Rd2 f4 44. b4 fxg3 45. fxg3 Rc4 46. Rxc4
dxc4 47. Kf3 Kxg5 48. Nd4 Bd5+ 49. Kf2 Be4 50. Nf3+ Kf5 51. Nd4+ Ke5 52. Nf3+
Bxf3 53. Kxf3 c3 54. Rd1 Rb7 55. Ke3 Rxb4 56. Kd3 Rd4+ 57. Kc2 Rc4 58. Rf1 f5
59. Re1+ Kf6 60. Re8 Rxc5 61. Rg8 Rc4 62. Rf8+ Kg6 63. Rg8+ Kf7 64. Rg5 Kf6
{dale necitelne} 0-1